La Araucana

Zapisane w:
Opis bibliograficzny
1. autor: Ercilla y Zúñiga, Alonso de (autor)
Format: Książka
Język:hiszpański
Wydane: Valparaíso Quilombo 2012
Wydanie:1a. ed
Hasła przedmiotowe:
Etykiety: Dodaj etykietę
Nie ma etykietki, Dołącz pierwszą etykiete!

MARC

LEADER 00000cam a2200000 a 4500
001 UCF1860
003 CL-VaPUC
008 120727e20120200CL |||||||||||||||||spa|d
020 |a 9789568836054 
082 0 4 |a 861  |b ERC  |2 21 
100 |a Ercilla y Zúñiga, Alonso de   |e autor  |9 267605 
245 1 3 |a La Araucana 
250 |a 1a. ed 
300 |a t 
942 |c BK 
945 |d 20120727 00:00:00  |a dcastane 
260 |a Valparaíso  |b Quilombo  |c 2012 
650 0 |a Poesía épica española  |9 268761 
650 0 |a Poesías españolas  |9 265100 
583 |a last modification  |c 20120727 13:37:00  |k Rodrigo Vera 
999 |c 348548  |d 348546 
952 |0 0  |1 0  |4 0  |6 861_000000000000000_ERC_2012  |7 0  |8 A  |9 450602  |a BIBING  |b BIBING  |d 2019-11-22  |h t.1  |i 4875028  |o 861 ERC 2012  |p 4875028  |r 2025-01-20  |w 2019-11-22  |y BK  |k CUI 
952 |0 0  |1 0  |4 0  |6 861_000000000000000_ERC_2012  |7 0  |8 A  |9 450603  |a BIBING  |b BIBING  |d 2019-11-22  |h t.2  |i 4875036  |o 861 ERC 2012  |p 4875036  |r 2025-01-20  |w 2019-11-22  |y BK  |k CUI 
952 |0 0  |1 0  |4 0  |6 861_000000000000000_ERC_2012  |7 0  |8 A  |9 450604  |a BIBING  |b BIBING  |d 2019-11-22  |h t.3  |i 4875044  |o 861 ERC 2012  |p 4875044  |r 2025-01-20  |w 2019-11-22  |y BK  |k CUI